02476nab a2200265 uc450000100070000000500170000700800410002403500110006503500210007604000130009704100080011010000390011824500880015726000100024552015790025565000330183465000130186765000230188065000210190365000340192465000320195870000430199077301180203385600590215158161820240924091200.0000225s1999 spa  a581618 a(OCoLC)819823262 ccomduadb aspa10aCastaño Vélez, Elkin4auteaut10aAnálisis del nivel de oxigeno disuelto en el agua en varios sitios de una represa c1999.3 aLa concentración de oxígeno disuelto en el agua es una variable frecuentemente usada en el control de la contaminación y en el estudio del envejecimiento de los embalses. El seguimiento de esta variable permite establecer la evolución temporal y las diferencias espaciales en las condiciones ambientales de los embalses. Para realizar el seguimiento de la concentración de oxígeno, se acostumbra seleccionar varias estaciones o sitios de interés en la represa y en cada estación se toman registros de las variables cada cierto tiempo. Del análisis de estos datos se desprenden las conclusiones sobre las condiciones en que se encuentra la represa. Ahora bien, las características de la recolección de los datos hacen que las técnicas estadísticas frecuentemente usadas, tal como el análisis de regresión clásico, no sean adecuadas debido a la dependencia que existe entre las observaciones de un mismo sitio. Este artículo propone el uso de los modelos jerárquicos (Mason, Wong y Entwistle, 1983; Bryck y Raundenbush, 1992) como una herramienta estadística útil para el análisis de esta clase de problemas. La aplicación de esta metodología a mediciones sobre la superficie en 9 estaciones de la represa Punchiná mostró, entre otras cosas, que el nivel medio del oxígeno parece variar con la posición de la estación. Se encontró que la proporción de la variabilidad en la concentración del oxígeno disuelto explicada por la localización de las estaciones (y sus características) es del 25% aproximadamente. aConcentración de oxígeno aEmbalses aRegresión lineal aModelos lineales aControl de la contaminación 7aQuímica analítica2lemb10aPalacio Baena, Jaime Alberto4auteaut0 tRevista Facultad de Ingeniería (Medellín)gNúmero 18, Septiembre 1999, p. 156-164w120998x0120-62300678904 uhttp://bibliotecadigital.udea.edu.co/handle/10495/5955